000 00587nam a2200181Ia 4500
008 090123s9999 xx 000 0 und d
082 _b36714
100 _aमेहेत्रे अलका
245 _aछोट्यांसाठी गंमत
250 _a0
260 _bचहा प्रकाशन
300 _a66
600 _aमेहेत्रे अलका
630 _aछोट्यांसाठी गंमत
700 _aमेहेत्रे अलका
730 _aछोट्यांसाठी गंमत
942 _cBOOK
999 _c74782
_d74782